Missing Word: Four Letter History A-Z Quiz Stats

Quiz Updated Nov 17, 2014

Challenge
Share
Tweet
Embed
Score 0/24 Timer 04:00
0 Plays Today
Hint Answer % Correct
Johann Sebastian ____ - composerBach
97.5%
Marco ____ - explorerPolo
97.4%
Genghis ____ - Mongol emperorKhan
96.9%
____ - Roman EmperorNero
90.1%
Great ____ of London - 1666Fire
87.9%
Great Pyramid of ____ - ancient wonderGiza
87.8%
____ von Bismarck - Chancellor of GermanyOtto
87.8%
Great ____ Forward - 1958-1961Leap
87.6%
Desmond ____ - human rights activistTutu
83.9%
Idi ____ - Ugandan dictatorAmin
83.9%
____ Gagarin - cosmonautYuri
81.5%
____ of the Roses - 1455–1487Wars
81.2%
Hint Answer % Correct
____ the Impaler - Prince of WallachiaVlad
80.9%
____–Contra affair - 1985-1987Iran
79.7%
Mata ____ - dancer and convicted spyHari
79.4%
____ Perón - President of ArgentinaJuan
77.7%
____ Road - trading routeSilk
76.5%
____ David Accords - 1978Camp
72%
____ dynasty - 1644–1912Qing
58.8%
Shaka ____ - monarchZulu
55.6%
____ Xiaoping - Chinese leaderDeng
43.6%
____ Goldman - anarchistEmma
17%
____ I - Mansa of MaliMusa
13.6%
____ - Medieval Persian poetRumi
10.9%

Today's Daily Dose

Word Ladder
KISS Hit

On This Day
January 22nd

You're not logged in!

Compare scores with friends on all Sporcle quizzes.
Sign Up with Email
OR
Log In

You Might Also Like...

Show Comments

Extras

Top Quizzes Today


Score Distribution

Your Account Isn't Verified!

In order to create a playlist on Sporcle, you need to verify the email address you used during registration. Go to your Sporcle Settings to finish the process.